00469nam a2200157Ia 4500020001800000082001700018245006300035260004500098300001500143504001900158650003500177650002100212650003500233700002300268700002000291 a9780195687729 a320.954 DEC- 0aDecentralization: institutions and politics in rural India aNew DelhibOxford University Pressc2007 axviii, 441 aincludes index aDecentralization in government aLocal government aIndiavPolitics and government aSharma, Pradeep K. aSingh, Satyajit